Szczegóły MARC21

Wartość krajobrazu : rozwój przestrzeni obszarów wiejskich /

003 -Nazwa inst., której nr kontr. jest w polu 001 [,]
    • @
    • Nazwa instytucji, której n kontrolny jest w polu 001
    • NUKAT
005 -DATA I CZAS OSTATNIEJ MODYFIKACJI [,]
    • @
    • pole kontrolne
    • 20241231111010.0
020 -Międzynarod. znormalizowany nr książki - ISBN [ , ]
    • a
    • Numer ISBN
    • 9788301165642 Find
040 -Instytucja sporządzająca opis [ , ]
    • a
    • Instytucja, która sporządziła opis (NP)
    • SIEDL 001/EC
    • c
    • Instytucja, która sporządziła rekord (NP)
    • SIEDL 001/EC
    • d
    • Instytucja, która zmodyfikowała rekord (P)
    • WA U/96hjcs
    • d
    • Instytucja, która zmodyfikowała rekord (P)
    • KR 93/MSs
942 -Rodzaj dokumentu [ , ]
    • c
    • Rodzaj dokumentu
    • Książka
100 -Hasło główne - nazwa osobowa [1, ]
    • a
    • Nazwa osobowa (NP)
    • Kupidura, Adrianna.
    • 9
    • KHW
    • 65049
245 -Strefa tytułu i oznaczenia odpowiedzialności [1,0]
    • a
    • Tytuł
    • Wartość krajobrazu : Find
    • b
    • Ciąg dalszy tytułu (NP)
    • rozwój przestrzeni obszarów wiejskich / Find
    • c
    • Pozostałe elementy strefy tytułu i oznaczenia odpowiedzialności (NP)
    • Adrianna Kupidura, Michał Łuczewski, Przemysław Kupidura.
246 -Wariant tytułu [3,0]
    • a
    • Tytuł (NP)
    • Rozwój przestrzeni obszarów wiejskich
250 -Strefa wydania [ , ]
    • a
    • Oznaczenie wydania (NP)
    • Wyd. 1, 1 dodr.
260 -Strefa adresu wydawniczego [ , ]
    • a
    • Miejsce wydania (P)
    • Warszawa :
    • b
    • Nazwa wydawcy (P)
    • Wydawnictwo Naukowe PWN,
    • c
    • Data wydania (P)
    • 2012.
300 -Strefa opisu fizycznego [ , ]
    • a
    • Określenie formy książki i/lub objętość (NP)
    • 106, [1] s. :
    • b
    • Oznaczenie ilustracji (NP)
    • il. (gł. kolor.) ;
    • c
    • Format (NP)
    • 24 cm.
336 -Typ zawartości [ , ]
    • a
    • Termin opisujący typ zawartości
    • Tekst
    • b
    • Kod określający zawartość
    • txt
    • 2
    • Źródło (terminu i kodu)
    • rdacontent
337 -Typ mediów [ , ]
    • a
    • Tryb odtwarzania
    • Bez urządzenia pośredniczącego
    • b
    • Kod typu mediów
    • n
    • 2
    • Źródło (terminu i kodu)
    • rdamedia
338 -Typ/rodzaj nośnika [ , ]
    • a
    • Hasło opisujące typ nośnika
    • Wolumin
    • b
    • Kod typu nośnika
    • nc
    • 2
    • Źródło (terminu i kodu)
    • rdacarrier
504 -Uwaga dot. bibliogr. załącznikowej [ , ]
    • a
    • Uwaga dot. bibliografii załącznikowej
    • Bibliogr. s. [99]-106.
521 -Uwaga dot. przeznaczenia czytelniczego [8, ]
    • a
    • Uwaga dot. przeznaczenia czytelniczego
    • Dla studentów gospodarki przestrzennej, geodezji i kartografii, architektury krajobrazu i geografii oraz pracowników Starostw Powiatowych i Wojewódzkich Biur Geodezji i Terenów Rolnych.
080 -Uniwersalna Klasyfikacja Dziesiętna [ , ]
    • 2
    • Identyfikator wydania tablic
    • UDC-P058
    • 9
    • UKD
    • 5997
    • a
    • Symbol klasyfikacji
    • 711.3
    • b
    • Dopowiedzenie
    • Planowanie terenów wiejskich.
    • 4
    • UKD2
    • 7642
    • x
    • Poddział wspólny
    • (438)
    • c
    • Dopowiedzenie poddz. wspólnego
    • (Polska).
    • 4
    • UKD2
    • 7665
    • x
    • Poddział wspólny
    • (075.8)
    • c
    • Dopowiedzenie poddz. wspólnego
    • (Podręczniki dla szkół wyższych. Skrypty).
080 -Uniwersalna Klasyfikacja Dziesiętna [ , ]
    • 2
    • Identyfikator wydania tablic
    • UDC-P058
    • 9
    • UKD
    • 6003
    • a
    • Symbol klasyfikacji
    • 719
    • b
    • Dopowiedzenie
    • Ochrona krajobrazu miast i wsi.
    • 4
    • UKD2
    • 7642
    • x
    • Poddział wspólny
    • (438)
    • c
    • Dopowiedzenie poddz. wspólnego
    • (Polska).
    • 4
    • UKD2
    • 7665
    • x
    • Poddział wspólny
    • (075.8)
    • c
    • Dopowiedzenie poddz. wspólnego
    • (Podręczniki dla szkół wyższych. Skrypty).
080 -Uniwersalna Klasyfikacja Dziesiętna [ , ]
    • 2
    • Identyfikator wydania tablic
    • UDC-P058
    • 9
    • UKD
    • 3995
    • a
    • Symbol klasyfikacji
    • 502.13/.14
    • b
    • Dopowiedzenie
    • Społeczne, administracyjne i prawne aspekty ochrony środowiska (ekologia społeczna). Ekorozwój. Rozwój zrównoważony.
    • 4
    • UKD2
    • 7665
    • x
    • Poddział wspólny
    • (075.8)
    • c
    • Dopowiedzenie poddz. wspólnego
    • (Podręczniki dla szkół wyższych. Skrypty).
650 -Hasło przedmiotowe [ ,7]
    • a
    • Hasło przedmiotowe
    • Krajobraz
    • x
    • Określnik rzeczowy
    • ocena.
    • 2
    • Źródło terminu
    • kaba
    • 9
    • KHW
    • 115768
650 -Hasło przedmiotowe [ ,7]
    • a
    • Hasło przedmiotowe
    • Geografia wsi.
    • 2
    • Źródło terminu
    • kaba
    • 9
    • KHW
    • 109887
650 -Hasło przedmiotowe [ ,7]
    • a
    • Hasło przedmiotowe
    • Rozwój terenów wiejskich.
    • 2
    • Źródło terminu
    • kaba
    • 9
    • KHW
    • 128389
650 -Hasło przedmiotowe [ ,7]
    • a
    • Hasło przedmiotowe
    • Architektura krajobrazu.
    • 2
    • Źródło terminu
    • kaba
    • 9
    • KHW
    • 101697
650 -Hasło przedmiotowe [ ,7]
    • a
    • Hasło przedmiotowe
    • Systemy Informacji Geograficznej.
    • 2
    • Źródło terminu
    • kaba
    • 9
    • KHW
    • 131810
980 -Symbol UKD [ , ]
    • a
    • UKD
    • 711.3:719](438):502.13/.14](075.8)
700 -Hasło dodatkowe - nazwa osobowa [1, ]
    • a
    • Nazwa osobowa (NP)
    • Łuczewski, Michał Find
    • d
    • Daty biograficzne (NP)
    • (1979- ).
    • 9
    • KHW
    • 65047
700 -Hasło dodatkowe - nazwa osobowa [1, ]
    • a
    • Nazwa osobowa (NP)
    • Kupidura, Przemysław Find
    • c
    • Dopowiedzenie inne niż daty biograficzne (NP)
    • (teledetekcja).
    • 9
    • KHW
    • 65048
710 -Hasło dodatkowe - nazwa ciała zbiorowego [2, ]
    • a
    • Nazwa ciała zbiorowego lub nazwa geograficzna jako pierwszy element (NP)
    • Wydawnictwo Naukowe PWN.
    • 4
    • Kod relacji
    • pbl
    • 9
    • KHW
    • 52648
920 -ISBN [ , ]
    • a
    • ISBN
    • 978-83-01-16564-2 Find
Data inwentaryzacji Lokalizacja Sygnatura Numer inwentarzowy Status udost.
2013-11-04TT.13238T.13238-2